000 00535nmm a2200217 a 4500
003 AR-BaBNM
005 20251128210326.0
008 019119s1993 ||||||||||||||000 | spa||
020 _a0-19-431284-4
040 _cAR-BaBNM
100 1 _aCowie, Anthony Paul
245 1 0 _aOxford Dictionary of Phrasal Verbs
260 _aOxford
_bOxford University Press
_c1993
300 1 _axviii, 517 p.
650 4 _aDICCIONARIOS
650 4 _aINGLES
655 _aREFERENCIA
700 1 _aMackin, Ronald
942 _cBK
998 _claura
999 _c14966
_d14966